| 000 | 00000nam##2200000za#4500 |
| 001 | 9.578550 |
| 003 | CaOODSP |
| 005 | 20231208112828 |
| 007 | cr ||||||||||| |
| 008 | 150406|2014||||xxc|||||o f|0| 0 eng|d |
| 040 | |aCaOODSP|beng |
| 043 | |an-cn--- |
| 086 | 1 |aPS83-5/B51E-PDF |
| 110 | 1 |aCorrectional Service Canada. |bResearch Branch. |
| 245 | 10|aAssessment of the Aboriginal Women's Maintenance Program / |h[electronic resource]|cprepared by Kim Allenby. |
| 260 | |bCorrectional Service Canada. |cMarch 2012. |
| 300 | |a1p. |
| 490 | 1 |aResearch at a glance|vB-51 |
| 590 | |a14-03-Supp|b2014-01-17 |
| 775 | 08|tÉvaluation du Programme de maintien des acquis pour les délinquantes autochtones / |w(CaOODSP)9.606526 |
| 830 | #0|aResearch at a glance (Correctional Service Canada)|vB-51|w(CaOODSP)9.506649 |
| 856 | 40|ahttp://publications.gc.ca|qPDF|s212 KB|uhttps://publications.gc.ca/collections/collection_2014/scc-csc/PS83-5-B51-eng.pdf|yB-51 |